Julia Roberts: Clickable Missing Word Quiz Stats

 Plays Quiz not verified by Sporcle

Score 0/35 Timer 03:00
0 Plays Today
% Correct
Best
98.2%
Woman
97%
Erin
96.7%
Bride
96.4%
Ocean's
96.2%
Sleeping
96.1%
Hill
96%
Twelve
95.7%
Smile
95.2%
Mirror
94.7%
Eat
94.7%
Web
94.6%
Magnolias
94%
Something
93.2%
Pelican
92%
Dangerous
91.6%
Sweethearts
90.6%
Full
89.8%
% Correct
War
89.3%
Conspiracy
89.3%
Pizza
88.6%
Young
85.3%
Collins
83.7%
Valentine's
83.2%
Osage
82.3%
Mary
82.2%
Crowne
81.8%
Everyone
78.5%
Blood
77.8%
Wear
76.5%
Champion
70.7%
Ant
70%
Fireflies
66.8%
Wedding
66.2%
Trouble
64.7%

You're not logged in!

Compare scores with friends on all Sporcle quizzes.
OR
Log In

Sporcle TV

Today on Sporcle TV


Watch our educational content, quiz creation guides, and fun videos on Sporcle TV.

Show Comments

Extras

Top Quizzes Today


Score Distribution

Your Account Isn't Verified!

In order to create a playlist on Sporcle, you need to verify the email address you used during registration. Go to your Sporcle Settings to finish the process.

Report this User

Report this user for behavior that violates our Community Guidelines.

Details: